000 01066nam a2200277 i 4500
001 105352
003 ES-MaACL
005 20250905164204.0
007 t|
008 060629s1969 sp ||||1| spa d
080 _a75 Blinder, Olga (083.82)
100 1 _aBlinder, Olga.
_929490
245 1 0 _aOlga Blinder
_b: [exposición, Sala de Santa Catalina del Ateneo de Madrid, febrero de 1969] /
_c[texto: Josefina Plá].
260 _a[Madrid] :
_bPublicaciones Españolas,
_c[1969]
300 _a[20] p. :
_bil. ;
_c23 cm.
490 1 _aCuadernos de arte. Serie divulgación ;
_v125
600 1 4 _aBlinder, Olga-
_vExposiciones.
_929491
610 2 7 _aAteneo de Madrid-
_vExposiciones-
_y1960-1969.
_91920
655 7 _2tgfbne
_9193628
_aCatálogos de exposiciones
700 1 _aPla, Josefina,
_d1909-1999
_992475
710 2 _aAteneo de Madrid.
_bSala de Santa Catalina.
_91964
830 0 _aCuadernos de arte. Serie divulgación ;
_v125
_9184876
852 _aES-MaACL
_j2205-F-43
_9109295
_bR.137786
_cDEPOF
942 _2udc
_cFOLLETOS
999 _c105352
_d105352